Accessibilitat al tren en cadira de rodes : cap a un estàndard internacional del gap d'embarcament / [direcció d'Ignasi Gustems ; realització de Llorenç Vallès] cap a un estàndard internacional del gap d'embarcament / [direcció d'Ignasi Gustems ; realització de Llorenç Vallès]
MARC
| LEADER | 00000nam a2200000Ia 4500 | ||
|---|---|---|---|
| 001 | 22541 | ||
| 008 | 160829s2009 xx 000 0 cat d | ||
| 020 | |a 978-84-9803-361-8 | ||
| 080 | |a B-2-214 | ||
| 245 | |a Accessibilitat al tren en cadira de rodes : |b cap a un estàndard internacional del gap d'embarcament / [direcció d'Ignasi Gustems ; realització de Llorenç Vallès] | ||
| 260 | |a Barcelona : |b Diputació de Barcelona. Àrea d'Infraestructures, Urbanisme i Habitatge. Gerència de Serveis d'Infraestructures Viàries i Mobilitat, |c 2009 | ||
| 300 | |a 81 p. : |b il. col. ; |c 24 cm | ||
| 490 | |a Estudis. Territori ; 7 | ||
| 590 | |a Resum en anglès | ||
| 650 | |a Ferrocarrils |x Supressió de barreres arquitectòniques |9 38331 | ||
| 700 | 1 | |a Gustems, Ignasi |9 38333 | |
| 700 | |a Vallès, Llorenç |9 38334 | ||
| 710 | 1 | |a Barcelona (Catalunya : Província). |b Gerència de Serveis d'Infraestructures Viàries i Mobilitat |9 52490 | |
| 901 | |a Arxiu | ||
| 942 | |n 1 | ||
| 952 | |0 0 |1 0 |4 0 |6 B2214 |7 1 |9 48376 |a Arxiu |b Arxiu |d 2016-12-01 |l 0 |o B-2-214 |p 22541 |r 2016-12-01 00:00:00 |w 2016-12-01 |y ARXIU | ||
| 999 | |c 52182 |d 52182 | ||